000 00479nam a2200169Ia 4500
999 _c917
_d917
003 OSt
005 20190927193425.0
008 190722s9999 xx 000 0 und d
020 _a978-0470556689
040 _cmaju
100 _aDavid A. DeCenzo, Stephen P. Robbins
245 0 _aFundamentals of Human Resource Management
260 _aNew Delhi (India)
_bWiley India PVt. Ltd. / John Wiley & Sons (Asia) Pte. Ltd.
_c2010
300 _a428p.:
942 _cBK
_2ddc
942 _2ddc